Landmarks A-Z - Statistics

General Stats
  • This quiz has been taken 1,902 times
    1,889 since last reset
  • The average score is 16 of 25
Answer Stats
Clue Landmark % Correct
K Tallest mountain in Africa Kilimanjaro
93%
S Standing stones of England Stonehenge
91%
O Home to the Greek gods Olympus
90%
F Where the Chinese emperor once lived {Forbidden} City
86%
V Major waterfall on Zambezi Victoria Falls
85%
C Flavian Amphitheatre Colosseum
84%
L Most famous national memorial in the United States {Lincoln} Memorial
83%
M Famous Inca citadel Machu Picchu
77%
P Ancient capital in Jordan Petra
77%
U Indigenous name of Ayers Rock Uluru
75%
E Landmark in Champ de Mars Eiffel Tower
69%
G Bilbao museum Guggenheim
69%
T Tomb of the wife of Shah Jahan Taj Mahal
66%
D Islamic Jerusalem shrine Dome of the Rock
64%
J Memorial located near Washington Monument {Jefferson} Memorial
62%
I Rio de Janeiro beach Ipanema
58%
H Locals call it "Ayasofya" Hagia Sophia
57%
Q Where you find Flushing Meadows Corona Park Queens
45%
A Largest religious monument in the world Angkor Wat
44%
Y Where you find Half Dome and El Capitan Yosemite
42%
N Inspiration of the Disney castle {Neuschwan}stein
40%
R Where St. Basil's is located Red Square
40%
W Holiest site in Judaism Western Wall
34%
Z Ski resort with a view of the Matterhorn Zermatt
24%
B Largest Buddhist temple Borobudur
13%
No matching quizzes found
Score Distribution
Percent of People with Each Score
Percentile by Number Answered
Your Score History
You have not taken this quiz since the last reset